00527nam a2200169Ia 4500003000900000008004100009020002200050040001600072080001900088100002200107245011500129260003000244300001800274650001800292650002700310700002000337IN-BaIIA211028s9999 xx 000 0 eng d a978-3-527-41027-9 cIIA Library a551.510.5bMEN aMenk, Frederick W 0aMagnetoseismologybground-based remote sensing of earth's magnetospherecColin L. Waters and Frederick W. Menk aWeinheimbWiley-VCHc2013 axxviii, 251p. aMagnetosphere aMagnetospheric physics aWaters, Colin L